Normal view
MARC view
- Gonzalez Rafaelc ,Woods Richard E
Entry Personal Name
001 - CONTROL NUMBER
- control field: 59445
003 - CONTROL NUMBER IDENTIFIER
- control field: NUST
005 - DATE AND TIME OF LATEST TRANSACTION
- control field: 20210628202337.0
008 - FIXED-LENGTH DATA ELEMENTS
- fixed length control field: 210628|| aca||aabn | a|a d
040 ## - CATALOGING SOURCE
- Original cataloging agency: NUST
- Transcribing agency: NUST
100 ## - HEADING--PERSONAL NAME
- Personal name: Gonzalez Rafaelc ,Woods Richard E
670 ## - SOURCE DATA FOUND
- Source citation: Work cat.: (NUST): Gonzalez Rafaelc ,Woods Richard E, Digital image processing ,problem solutions-students, 2002
